| 000 | 00517nam a2200181Ia 4500 | ||
|---|---|---|---|
| 001 | 7953 | ||
| 005 | 20260306160533.0 | ||
| 008 | 260306t2019||||xx |||||||||||||| ||spa|| | ||
| 041 | _aESP | ||
| 082 |
_a364.1323 _bV933 |
||
| 100 |
_aVega Luna, Eduardo Ernesto _eAUT |
||
| 245 | 0 | _aGuía para elaborar un plan de integridad y lucha contra la corrupción en los gobiernos regionales y municipales | |
| 260 | _c2019 | ||
| 300 |
_a41 páginas : _c22 cm. |
||
| 650 | _aGEN | ||
| 654 | _aCHU | ||
| 942 |
_cLIB _dJUS _fJUS _2ddc _n |
||
| 999 |
_c7953 _d7953 |
||